Cassell's Foundation Skills Series
Sparad:
| Materialtyp: | Bok |
|---|---|
| Taggar: |
Lägg till en tagg
Inga taggar, Lägg till första taggen!
|
| Thư viện lưu trữ: | Mạng thư viện Đại học Đà Nẵng |
|---|
| LEADER | 00527nam a2200193 4500 | ||
|---|---|---|---|
| 001 | 000010006 | ||
| 003 | 6205 | ||
| 005 | 20150812140828.0 | ||
| 008 | 111107s sd | ||
| 245 | 0 | 0 | |a Cassell's Foundation Skills Series |c Simon Haines |
| 774 | |a Simon Haines |d London |d Cassell |g Reading 3 |h 128tr |w 6207 | ||
| OWN | |a LSP | ||
| 999 | |a From the UDN01 | ||
| TYP | |a Monograph | ||
| TYP | |a Printed language | ||
| 980 | |a Mạng thư viện Đại học Đà Nẵng | ||